[Event "XXXIV Olimpiadi"]
[Site "Istanbul TUR"]
[Date "2000.10.30"]
[Round "3.1"]
[White "Efimov, Igor"]
[Black "Matamoros Franco, Carlos S."]
[Result "1-0"]
[WhiteElo "2520"]
[BlackElo "2467"]
[Annotator "ITA-ECU"]
[PlyCount "151"]
[EventDate "2000.10.28"]

1.d4 Nf6 2.Nf3 c5 3.d5 g6 4.Nc3 Bg7 5.e4 d6 6.Bb5+ Nfd7 7.a4 Na6 8.Bf4 Nc7
9.Bc4 a6 10.Qd2 O-O 11.Bh6 Nf6 12.Bxg7 Kxg7 13.O-O Rb8 14.a5 b5 15.axb6 
Rxb6 16.b3 Nb5 17.h3 e5 18.dxe6 fxe6 19.Rfd1 Qc7 20.Qe3 e5 21.Bxb5 axb5 
22.Ra5 Bd7 23.Nd5 Nxd5 24.exd5 Bf5 25.c3 b4 26.c4 h6 27.Rda1 Rb7 28.Ra6 
Qe7 29.Nd2 g5 30.R1a5 Rd7 31.Nf3 Bg6 32.Nh2 Bf5 33.Nf1 Bg6 34.Rb6 Rf4 35.
Ra8 Rd8 36.Raa6 Rd4 37.Qe2 Rf4 38.Qa2 Rf7 39.Ne3 Rd7 40.Ra8 Rf8 41.Raa6 
Rf7 42.Rc6 Rf8 43.Qe2 h5 44.Nf1 Kh6 45.Nd2 Kg7 46.Nf3 e4 47.Nd2 Qe5 48.Nf1
Rf6 49.Ra2 Rdf7 50.Qe3 Rf4 51.Rca6 R4f6 52.Ra7 Rf4 53.Rxf7+ Rxf7 54.Qd2 
Rf8 55.Ne3 Rf7 56.Qc1 Qd4 57.Ra6 Qf6 58.Qa1 Qxa1+ 59.Rxa1 Kf6 60.Ra8 Rg7 
61.Kf1 Ke5 62.Ke2 Re7 63.Nc2 e3 64.Nxe3 Kd4 65.Kd2 Rf7 66.Nd1 g4 67.hxg4 
hxg4 68.Rg8 Rf6 69.Rg7 Ke5 70.Ke2 Kd4 71.Kd2 Ke4 72.Re7+ Kd4 73.Re3 Bf5 
74.Rg3 Rf8 75.Ne3 Bd7 76.Nxg4 1-0

[Event "XXXIV Olimpiadi"]
[Site "Istanbul TUR"]
[Date "2000.10.30"]
[Round "3.4"]
[White "Munoz Sotomayor, Hugo"]
[Black "Rossi, Carlo"]
[Result "0-1"]
[WhiteElo "2298"]
[BlackElo "2436"]
[Annotator "ITA-ECU"]
[PlyCount "52"]
[EventDate "2000.10.28"]

1.c4 Nc6 2.Nc3 g6 3.d4 Bg7 4.d5 Nb8 5.e4 d6 6.Nge2 c5 7.Ng3 h5 8.Be2 h4 9.
Nf1 h3 10.g3 a6 11.Ne3 e5 12.dxe6 Bxe6 13.O-O Nc6 14.Ncd5 Nd4 15.Bg4 Nh6 
16.Bxe6 fxe6 17.Nf4 Nf7 18.Nc2 Nxc2 19.Nxe6 Qf6 20.Nxg7+ Kd7 21.Qg4+ Ke7 
22.e5 Nxe5 23.Qe4 Qf3 24.Qd5 Qxd5 25.cxd5 Nf3+ 26.Kh1 Nxa1 0-1

[Event "XXXIV Olimpiadi"]
[Site "Istanbul TUR"]
[Date "2000.10.31"]
[Round "4.1"]
[White "Korchnoi, Viktor L."]
[Black "Efimov, Igor"]
[Result "1-0"]
[WhiteElo "2632"]
[BlackElo "2520"]
[Annotator "ITA-SUI"]
[PlyCount "73"]
[EventDate "2000.10.28"]

1.d4 d6 2.e4 Nf6 3.f3 d5 4.e5 Ng8 5.c4 dxc4 6.Bxc4 e6 7.f4 Nd7 8.Nf3 Nb6 
9.Bb3 Bd7 10.f5 Bb4+ 11.Nc3 Ne7 12.fxe6 Bxe6 13.O-O Bxb3 14.Qxb3 Bxc3 15.
bxc3 Qd5 16.Ba3 h6 17.e6 f6 18.Nh4 Qxb3 19.axb3 Nbc8 20.Nf5 Nxf5 21.Rxf5 
b6 22.Rd5 Nd6 23.Bxd6 cxd6 24.Rxd6 Ke7 25.Rd7+ Kxe6 26.Rxg7 a5 27.Re1+ Kf5
28.Rge7 Rac8 29.Rf1+ Kg6 30.Re6 Rhf8 31.c4 b5 32.c5 Rcd8 33.Rd1 Rd5 34.Rb6
Re8 35.Rxb5 Re2 36.Rd3 Rf5 37.Rf3 1-0

[Event "XXXIV Olimpiadi"]
[Site "Istanbul TUR"]
[Date "2000.11.02"]
[Round "6.1"]
[White "Magai, Vladimir"]
[Black "Efimov, Igor"]
[Result "1-0"]
[WhiteElo "2546"]
[BlackElo "2520"]
[Annotator "ITA-KGZ"]
[PlyCount "131"]
[EventDate "2000.10.28"]

1.d4 d6 2.e4 Nf6 3.Bd3 e5 4.c3 Be7 5.Nf3 Nbd7 6.O-O O-O 7.Re1 Re8 8.Nbd2 
Bf8 9.a4 h6 10.a5 Rb8 11.b4 b5 12.axb6 axb6 13.Bb5 exd4 14.Nxd4 Bb7 15.Nc6
Bxc6 16.Bxc6 Re7 17.Nf3 Ne5 18.Nd4 d5 19.f4 Ng6 20.e5 Ne4 21.Qd3 Re6 22.
Bxd5 Qxd5 23.Qxe4 Qxe4 24.Rxe4 Ree8 25.Nc6 Ra8 26.Rxa8 Rxa8 27.Bd2 b5 28.
f5 Ne7 29.Nd4 Rd8 30.Be1 Rd5 31.Kf1 c5 32.bxc5 Rxc5 33.Ke2 g6 34.g4 Nd5 
35.Kd3 Nb6 36.e6 gxf5 37.Nxf5 fxe6 38.Rxe6 Nd7 39.Nxh6+ Kh7 40.Bd2 Rd5+ 
41.Kc2 Ne5 42.h3 Rxd2+ 43.Kxd2 Bxh6+ 44.Kc2 Bg7 45.Kb3 Nd3 46.Re3 Nf4 47.
Rf3 Nd5 48.h4 Nf6 49.Rf4 Nd5 50.Rf7 Ne3 51.Rb7 Nxg4 52.Rxb5 Ne5 53.Rd5 Bf6
54.c4 Kg6 55.c5 Nc6 56.h5+ Kf7 57.Kc4 Ne7 58.Rd2 Kg7 59.Rd7 Kf7 60.c6 Ke6 
61.Kc5 Bg5 62.Rd3 Bf4 63.h6 Ng6 64.h7 Ke7 65.Rd7+ Ke6 66.Rg7 1-0

[Event "XXXIV Olimpiadi"]
[Site "Istanbul TUR"]
[Date "2000.11.04"]
[Round "7.3"]
[White "Arlandi, Ennio"]
[Black "Wong, Zi Jing"]
[Result "1-0"]
[WhiteElo "2421"]
[BlackElo "2300"]
[Annotator "ITA-MAS"]
[PlyCount "75"]
[EventDate "2000.10.28"]

1.d4 Nf6 2.c4 c5 3.d5 b5 4.cxb5 a6 5.e3 axb5 6.Bxb5 Qa5+ 7.Nc3 Bb7 8.Ne2 
Nxd5 9.O-O e6 10.e4 Nc7 11.Bc4 Be7 12.Ng3 O-O 13.Qg4 Kh8 14.Bf4 Nc6 15.
Rad1 d6 16.Rd3 Bc8 17.Qh5 Ne8 18.Rc1 Ba6 19.Bxa6 Qxa6 20.Qd1 Rb8 21.b3 Rb4
22.Nge2 f5 23.exf5 Rxf5 24.Bxd6 Nxd6 25.Rxd6 Bxd6 26.Qxd6 Qc8 27.Ng3 Re5 
28.Qd1 Rd4 29.Qf3 Nb4 30.Nce4 Red5 31.Rxc5 Rd1+ 32.Nf1 Rxc5 33.Nxc5 Rd8 
34.Ne4 Nxa2 35.Ng5 Rf8 36.Qe4 g6 37.Qd4+ Kg8 38.Qa7 1-0

[Event "XXXIV Olimpiadi"]
[Site "Istanbul TUR"]
[Date "2000.11.09"]
[Round "12.2"]
[White "Zagrebelny, Sergey"]
[Black "Godena, Michele"]
[Result "1-0"]
[WhiteElo "2495"]
[BlackElo "2485"]
[Annotator "ITA-UZB"]
[PlyCount "155"]
[EventDate "2000.10.28"]

1.e4 e5 2.Nf3 Nc6 3.Bb5 a6 4.Ba4 Nf6 5.O-O b5 6.Bb3 Bc5 7.a4 Bb7 8.d3 O-O 
9.Nc3 b4 10.Nd5 h6 11.a5 d6 12.Nxf6+ Qxf6 13.Be3 Rab8 14.Bxc5 dxc5 15.Bc4 
Bc8 16.Nd2 Qd6 17.Qh5 Nd4 18.c3 bxc3 19.bxc3 Nb5 20.Nf3 Nxc3 21.Qxe5 Nb5 
22.Qh5 Bd7 23.Rfc1 Rbe8 24.e5 Qe7 25.Re1 Be6 26.Rac1 Rd8 27.h3 Rfe8 28.Re4
Bxc4 29.Rexc4 Rxd3 30.Rxc5 Red8 31.Kh2 Ra3 32.Rc6 Rxa5 33.R1c4 Qf8 34.Rg4 
Nd6 35.Qxh6 Ra4 36.Qh4 Nf5 37.Qg5 Rxg4 38.Qxg4 Qe8 39.Rxa6 Nd4 40.Ra5 Qe6 
41.Qe4 Nxf3+ 42.Qxf3 Qc4 43.Qe3 c6 44.Rc5 Qe6 45.f4 Rd5 46.Rc3 g5 47.Qg3 
Qf5 48.Qxg5+ Qxg5 49.fxg5 Rxe5 50.h4 Re6 51.Kg3 Rd6 52.Rc4 Kg7 53.Kf4 Kg6 
54.Kg4 Re6 55.h5+ Kg7 56.Rc5 Rd6 57.Kf5 Rd2 58.g3 Rd6 59.Ra5 Rd8 60.Ra7 
Rd5+ 61.Kf4 Rd4+ 62.Kf5 Rd5+ 63.Kg4 Rd4+ 64.Kh3 Kg8 65.Rc7 Rc4 66.h6 Rc1 
67.Kg4 Rc4+ 68.Kh5 Rc1 69.Kh4 Rc4+ 70.g4 Rc1 71.g6 fxg6 72.Kg5 Rg1 73.Rxc6
Kh7 74.Rc7+ Kh8 75.Rg7 Ra1 76.Rxg6 Ra5+ 77.Kh4 Kh7 78.Rb6 1-0

[Event "XXXIV Olimpiadi"]
[Site "Istanbul TUR"]
[Date "2000.11.10"]
[Round "13.2"]
[White "Godena, Michele"]
[Black "Motwani, Paul"]
[Result "1/2-1/2"]
[WhiteElo "2485"]
[BlackElo "2481"]
[Annotator "ITA-SCO"]
[PlyCount "28"]
[EventDate "2000.10.28"]

1.e4 e5 2.Nf3 Nc6 3.Bb5 Nf6 4.Qe2 Bc5 5.c3 O-O 6.d3 Re8 7.Bg5 a6 8.Ba4 h6 
9.Bh4 Bf8 10.Nbd2 b5 11.Bc2 g6 12.d4 exd4 13.Nxd4 Bb7 14.Nxc6 Bxc6 1/2-1/2

[Event "XXXIV Olimpiadi"]
[Site "Istanbul TUR"]
[Date "2000.11.10"]
[Round "13.3"]
[White "Shaw, John Kerr"]
[Black "D'Amore, Carlo"]
[Result "1-0"]
[WhiteElo "2433"]
[BlackElo "2462"]
[Annotator "ITA-SCO"]
[PlyCount "63"]
[EventDate "2000.10.28"]

1.e4 e5 2.Nf3 Nc6 3.Bb5 Nge7 4.O-O g6 5.c3 Bg7 6.d4 exd4 7.cxd4 d5 8.exd5 
Nxd5 9.Bg5 Qd6 10.Re1+ Be6 11.Nbd2 O-O 12.Ne4 Qb4 13.Bxc6 bxc6 14.Qc1 Rfe8
15.Bd2 Qb5 16.Ne5 f6 17.Nxc6 Bd7 18.Na5 Rab8 19.Nb3 Be6 20.Nec5 Bf7 21.
Rxe8+ Rxe8 22.Qf1 Qb6 23.Re1 Rd8 24.Ba5 Qc6 25.Qa6 Nb6 26.Qb7 Qd6 27.Ne4 
Qd7 28.Nbc5 Qc8 29.Qxa7 Re8 30.Bxb6 cxb6 31.Qxf7+ Kh8 32.Nd3 1-0